| 000 | 00496nam a2200181Ia 4500 | ||
|---|---|---|---|
| 001 | 20756 | ||
| 005 | 20260306172829.0 | ||
| 008 | 260306t2019||||xx |||||||||||||| ||spa|| | ||
| 041 | _aESP | ||
| 082 |
_a343.8 _bA47I |
||
| 100 |
_aAlva Matteucci, Mario _eAUT |
||
| 245 | 0 |
_aIncremento patrimonial no justificado: _bel procedimiento de fiscalización en personas naturales |
|
| 260 | _c2019 | ||
| 300 |
_a504 pƔginas : _c25 cm. |
||
| 650 | _aGEN | ||
| 654 | _aCDE | ||
| 942 |
_cLIB _dJUS _fJUS _2ddc _n |
||
| 999 |
_c20756 _d20756 |
||